Online
Catalog

Historia e historias de Medellín, siglos XVII-XVIII-XIX / (Record no. 6292)

MARC details
000 -CABECERA
campo de control de longitud fija 00736cam a2200193 a 4500
001 - NÚMERO DE CONTROL
campo de control 000006501
005 - FECHA Y HORA DE LA ÚLTIMA TRANSACCIÓN
campo de control 20200929153936.0
008 - DATOS DE LONGITUD FIJA--INFORMACIÓN GENERAL
campo de control de longitud fija 760315s1972 ck a f000 0 spa d
040 ## - FUENTE DE LA CATALOGACIÓN
Centro catalogador/agencia de origen DO-SdBNP
Lengua de catalogación spa
Centro/agencia transcriptor BNPHU
082 ## - NÚMERO DE LA CLASIFICACIÓN DECIMAL DEWEY
Número de clasificación 986.102
Número de documento/Ítem L358h
049 ## - FONDOS LOCALES (OCLC)
Fondos de biblioteca BNGR
100 1# - ENTRADA PRINCIPAL--NOMBRE DE PERSONA
Nombre de persona Latorre Mendoza, Luis.
9 (RLIN) 18023
245 10 - MENCIÓN DE TÍTULO
Título Historia e historias de Medellín, siglos XVII-XVIII-XIX /
Mención de responsabilidad, etc. Luis Latorre Mendoza.
260 ## - PUBLICACIÓN, DISTRIBUCIÓN, ETC.
Lugar de publicación, distribución, etc. Medellín :
Nombre del editor, distribuidor, etc. Tomas Carrasquilla ;
-- Secretaría de Educación y Cultura de Antioquia,
Fecha de publicación, distribución, etc. 1972.
300 ## - DESCRIPCIÓN FÍSICA
Extensión 447 p. :
Otras características físicas il. ;
Dimensiones 20 cm.
490 1# - MENCIÓN DE SERIE
Mención de serie Biblioteca de Autores Antioqueños. Segunda época
Designación de volumen o secuencia 1
651 #4 - PUNTO DE ACCESO ADICIONAL DE MATERIA--NOMBRE GEOGRÁFICO
Nombre geográfico Medellin (Colombia{Rpara}
9 (RLIN) 18024
830 #0 - PUNTO DE ACCESO ADICIONAL DE SERIE-TÍTULO UNIFORME
Título uniforme Biblioteca de Autores Antioqueños. Segunda época ;
Designación de volumen o secuencia 1
9 (RLIN) 18025
Holdings
Estado de retiro Estado de pérdida Restricciones de uso No para préstamo Código de colección Localización permanente Ubicación/localización actual Ubicación en estantería Fecha de adquisición Número de inventario Total de préstamos Signatura topográfica completa Código de barras Fecha visto por última vez Precio válido a partir de Tipo de ítem Koha
    Préstamo interno   Monografías: Libros y Folletos General General En catalogación 31.08.2009 LF1   986.102 L358h 6501-10 25.06.2020 25.06.2020 Préstamo interno

Powered by Koha